Conflict in the Chittagong hill tracts of Bangladesh (Record no. 85832)

000 -LEADER
fixed length control field 00419pab a2200169 454500
008 - FIXED-LENGTH DATA ELEMENTS--GENERAL INFORMATION
fixed length control field 180718b2009 xxu||||| |||| 00| 0 eng d
100 ## - MAIN ENTRY--PERSONAL NAME
Personal name Panday, pranab Kumar
245 ## - TITLE STATEMENT
Title Conflict in the Chittagong hill tracts of Bangladesh
260 ## - PUBLICATION, DISTRIBUTION, ETC.
Date of publication, distribution, etc. 2009
300 ## - PHYSICAL DESCRIPTION
Extent p.1052-070.
362 ## - DATES OF PUBLICATION AND/OR SEQUENTIAL DESIGNATION
Dates of publication and/or sequential designation Nov-Dec
650 ## - SUBJECT ADDED ENTRY--TOPICAL TERM
Topical term or geographic name entry element Ethnic conflicts
700 ## - ADDED ENTRY--PERSONAL NAME
Personal name Jamil, Ishtiaq
773 ## - HOST ITEM ENTRY
Main entry heading Asian Survey
908 ## - PUT COMMAND PARAMETER (RLIN)
Put command parameter N
909 ## -
-- 85832
Holdings
Withdrawn status Lost status Damaged status Not for loan Permanent Location Current Location Date acquired Serial Enumeration / chronology Barcode Date last seen Price effective from Koha item type
        Indian Institute of Public Administration Indian Institute of Public Administration 2018-07-19 Volume no: 49, Issue no: 6 AR86292 2018-07-19 2018-07-19 Articles

Powered by Koha